000 00596ntaaa2200205 4500
003 01
005 20251027202829.0
008 0714s1973 ag 01
040 _aAR-BaBN
_bspa
_cAR-BaBN
_eaacr
_dRIC
082 _a922.0000 C11
100 _aCaballero, Violeta
_928890
245 _aDestellos de una vida luminosa
250 _a1 ed.
260 _aBuenos Aires :
_bAurora,
_c1952
300 _a30 p
500 _aVida de Florence Conrad de Wainewright
650 _aFlorence Conrad de Wainewright-biografĂ­a
_928891
650 _abiografĂ­a-Conrad de Wainewright, Florence
_928892
942 _cBK
999 _c23689
_d23689